| 000 | 00395nam a2200157Ia 4500 | ||
|---|---|---|---|
| 008 | 230711s9999||||xx |||||||||||||| ||und|| | ||
| 041 | _aENG | ||
| 082 |
_a720 _bLI-M |
||
| 100 | _aRoy A. Lindberg | ||
| 245 | 0 | _aMaterials and manufacturing technology | |
| 250 | _a1st Ed. | ||
| 260 |
_c1990 _aNew DElhi _bPHI Learning Private Limited |
||
| 300 | _a630 | ||
| 650 | _aArchitecture | ||
| 942 | _cBK | ||
| 999 |
_c1855 _d1855 |
||